04013 2201957 4500001002100000008004100021035002000062082000800082084001400090100001900104245006100123250000600184260003900190300001200229650001400241990001200255990001200267990001200279990001200291990001200303990001200315990001200327990001200339990001200351990001200363990001200375990001200387990001200399990001200411990001200423990001200435990001200447990001200459990001200471990001200483990001200495990001200507990001200519990001200531990001200543990001200555990001200567990001200579990001200591990001200603990001200615990001200627990001200639990001200651990001200663990001200675990001200687990001200699990001200711990001200723990001200735990001200747990001200759990001200771990001200783990001200795990001200807990001200819990001200831990001200843990001200855990001200867990001200879990001200891990001200903990001200915990001200927990001200939990001200951990001200963990001200975990001200987990001200999990001201011990001201023990001201035990001201047990001201059990001201071990001201083990001201095990001201107990001201119990001201131990001201143990001201155990001201167990001201179990001201191990001201203990001201215990001201227990001201239990001201251990001201263990001201275990001201287990001201299990001201311990001201323990001201335990001201347990001201359990001201371990001201383990001201395990001201407990001201419990001201431990001201443990001201455990001201467990001201479990001201491990001201503990001201515990001201527990001201539990001201551990001201563990001201575990001201587990001201599990001201611990001201623990001201635990001201647990001201659990001201671990001201683990001201695990001201707990001201719990001201731990001201743990001201755990001201767990001201779990001201791990001201803990001201815990001201827990001201839990001201851990001201863990001201875990001201887990001201899990001201911990001201923990001201935990001201947990001201959990001201971990001201983990001201995990001202007990001202019990001202031990001202043INLIS000000000001221 ind  a0010-0524000456 a373 a373 EKO d aSujatmiko, Eko aDetik-detik Asesmen Nasional AKM NumerasicEko Sujatmiko a1 aYogyakarta :bIntan Pariwarac2020 a108 hlm aNon Fiksi a0744251 a0744252 a0744253 a0744254 a0744255 a0744256 a0744257 a0744258 a0744259 a0744260 a0744261 a0744262 a0744263 a0744264 a0744265 a0744266 a0744267 a0744268 a0744269 a0744270 a0744271 a0744272 a0744273 a0744274 a0744275 a0744276 a0744277 a0744278 a0744279 a0744280 a0744281 a0744282 a0744283 a0744284 a0744285 a0744286 a0744287 a0744288 a0744289 a0744290 a0744291 a0744292 a0744293 a0744294 a0744295 a0744296 a0744297 a0744298 a0744299 a0744300 a0744301 a0744302 a0744303 a0744304 a0744305 a0744306 a0744307 a0744308 a0744309 a0744310 a0744311 a0744312 a0744313 a0744314 a0744315 a0744316 a0744317 a0744318 a0744319 a0744320 a0744321 a0744322 a0744323 a0744324 a0744325 a0744326 a0744327 a0744328 a0744329 a0744330 a0744331 a0744332 a0744333 a0744334 a0744335 a0744336 a0744337 a0744338 a0744339 a0744340 a0744341 a0744342 a0744343 a0744344 a0744345 a0744346 a0744347 a0744348 a0744349 a0744350 a0744351 a0744352 a0744353 a0744354 a0744355 a0744356 a0744357 a0744358 a0744359 a0744360 a0744361 a0744362 a0744363 a0744364 a0744365 a0744366 a0744367 a0744368 a0744369 a0744370 a0744371 a0744372 a0744373 a0744374 a0744375 a0744376 a0744377 a0744378 a0744379 a0744380 a0744381 a0744382 a0744383 a0744384 a0744385 a0744386 a0744387 a0744388 a0744389 a0744390 a0744391 a0744392 a0744393 a0744394 a0744395 a0744396 a0744397 a0744398 a0744399 a0744400